Využitie Activity-Based-Costing v bankovom controllingu

Problematika využitia Activity-Based Costing (ABC) v procese bankového controllingu ako jedného z potenciálnych nástrojov v oblasti riadenia a zvyšovania ziskovosti banky v súčasnom procese zostrujúcej sa konkurencie na bankovom trhu. Podstata metódy ABC, jej implementácia do banky.

Salvato in:
Dettagli Bibliografici
Autore principale: Vovk, Martin, 1976-
Natura: Capitolo di libro
Lingua:slovacco
Soggetti:
Tags: Aggiungi Tag
Nessun Tag, puoi essere il primo ad aggiungerne!!

MARC

LEADER 00000nla$a2200000$$$4500
001 0068132
005 20240502071824.2
041 0 |a slo 
044 |a SK 
245 1 0 |a Využitie Activity-Based-Costing v bankovom controllingu  |c Martin Vovk 
520 |a Problematika využitia Activity-Based Costing (ABC) v procese bankového controllingu ako jedného z potenciálnych nástrojov v oblasti riadenia a zvyšovania ziskovosti banky v súčasnom procese zostrujúcej sa konkurencie na bankovom trhu. Podstata metódy ABC, jej implementácia do banky. 
610 2 0 |a bankovníctvo 
610 2 0 |a banky 
610 2 0 |a zisk 
610 2 0 |a kontroling 
610 2 0 |a metóda ABC 
100 1 |a Vovk, Martin, 1976-